{"text_format":"3","workbook":"xls","n_sheets":15,"sheets":["UNIFORME","EPI","MATERIAIS","EQUIPAMENTOS","INSERÇÃO-DE-DADOS","DADOS-ESTATISTICOS","ENCARGOS-SOCIAIS-E-TRABALHISTAS","ENCARREGADOS","SERVENTES","SERVENTES-AREA-HOSP","CUSTOS POR M²","QUADRO-RESUMO","LIMITES-SEGES-PORT-7-2015","LIMITES-SEGES-PORT-213-2017","QTDE-ESTIMADA-SERVENTES"],"not_rendered":{"external_links":1,"defined_names":257,"comments":5},"read":"whole","date_system":"1900","formulas":"cached_only"}

{"sheet":"UNIFORME","index":0,"n_rows":9,"n_cols":8,"rows_kept":9,"merged":[[0,0,0,7],[8,0,8,4]],"flags":["formulas_cached_only"]}
["UNIFORME"]
["Item","Descrição","Unidade","Quant.","Valor unit. (R$)","Valor total (R$)","Durabilidade (meses)","Custo por mês (R$)"]
[1,"Camiseta 100% algodão (mangas curtas)","Unidade",2,{"v":35.6,"d":"35.60"},{"v":71.2,"d":"71.20"},6,{"v":11.8666666666667,"d":"11.87"}]
[2,"Camisa 100% algodão (mangas longas)","Unidade",2,116.02,232.04,6,{"v":38.673333333333304,"d":"38.67"}]
[3,"Calça","Unidade",2,{"v":100,"d":"100.00"},{"v":200,"d":"200.00"},6,{"v":33.3333333333333,"d":"33.33"}]
[4,"Cinto de tecido","Unidade",1,43.69,43.69,6,{"v":7.28166666666667,"d":"7.28"}]
[5,"Sapatos impermeáveis e antiderrapantes","Par",1,{"v":59,"d":"59.00"},{"v":59,"d":"59.00"},6,{"v":9.83333333333333,"d":"9.83"}]
[6,"Meias de algodão","Par",4,13.08,52.32,6,8.72]
["Total",{"$nulls":4},658.25,"-",{"v":109.708333333333,"d":"109.71"}]

{"sheet":"EPI","index":1,"n_rows":7,"n_cols":8,"rows_kept":7,"merged":[[0,0,0,7],[6,0,6,4]],"flags":["formulas_cached_only"]}
["EPI"]
["Item","Descrição","Unidade","Quant.","Valor unit. (R$)","Valor total (R$)","Durabilidade (meses)","Custo por mês (R$)"]
[1,"Luvas para proteação contra agentes biológicos, agentes químicos e umidade proveniente de operações com uso de água","Par",2,9.14,18.28,1,18.28]
[2,"Botas para proteção dos pés e pernas contra agentes químicos e umidade proveniente de operações com uso de\nágua","Par",1,41.26,41.26,24,{"v":1.7191666666666698,"d":"1.72"}]
[3,"Cinturão de segurança com dispositivo trava-queda","Unidade",0.4,74.55,29.82,60,{"v":0.497,"d":"0.50"}]
[4,"Creme dermatológico filtro solar proteção UV Fps 60, frasco com 120 mL","Unidade",1,43.96,43.96,2,21.98]
["Total",{"$nulls":4},133.32,"-",{"v":42.4761666666667,"d":"42.48"}]

{"sheet":"MATERIAIS","index":2,"n_rows":44,"n_cols":8,"rows_kept":44,"merged":[[0,0,0,7],[42,0,42,4],[43,0,43,1],[43,2,43,3],[43,4,43,6]],"flags":["formulas_cached_only"]}
["MATERIAIS"]
["Item","Descrição","Unidade","Quant.","Valor unit. (R$)","Valor total (R$)","Durabilidade (meses)","Custo por mês (R$)"]
[1,"Água sanitária 5 L","Unidade",3,{"v":11.4,"d":"11.40"},{"v":34.2,"d":"34.20"},1,{"v":34.2,"d":"34.20"}]
[2,"Desinfetante concentrado 5L ","Unidade",4,17.26,69.04,1,69.04]
[3,"Detergente líquido de uso geral 5 L","Unidade",1,12.34,12.34,1,12.34]
[4,"Limpa monitores","Unidade",1,18.85,18.85,1,18.85]
[5,"Hidratante para couro","Unidade",1,31.91,31.91,1,31.91]
[6,"Álcool etílico 70% ","Litro",5,8.59,42.95,1,42.95]
[7,"Álcool em Gel 70% 5 L","Unidade",1,{"v":46.4,"d":"46.40"},{"v":46.4,"d":"46.40"},1,{"v":46.4,"d":"46.40"}]
[8,"Sabão em Pó","Unidade",1,{"v":10.9,"d":"10.90"},{"v":10.9,"d":"10.90"},1,{"v":10.9,"d":"10.90"}]
[9,"Sabão em Barra","Unidade",1,6.81,{"v":6.8100000000000005,"d":"6.81"},1,{"v":6.8100000000000005,"d":"6.81"}]
[10,"Limpador perfumado de ambientes","Unidade",1,11.91,11.91,1,11.91]
[11,"Naftalina 1 Kg","Unidade",1,52.96,52.96,1,52.96]
[12,"Soda cáustica líquida","Litro",1,22.96,22.96,1,22.96]
[13,"Esponja dupla face","Unidade",25,{"v":0.7,"d":"0.70"},{"v":17.5,"d":"17.50"},1,{"v":17.5,"d":"17.50"}]
[14,"Pano limpador multiúso","Unidade",3,2.67,8.01,1,8.01]
[15,"Pano para limpeza de chão","Unidade",5,3.01,15.05,1,15.05]
[16,"Pano Multiuso Perfex","Unidade",3,2.16,6.48,1,6.48]
[17,"Refil Mop Pó","Unidade",1,27.96,27.96,1,27.96]
[null,"Luva para limpeza pesada","Unidade",0,3.96,{"v":0,"d":"0.00"},1,{"v":0,"d":"0.00"}]
[18,"Sabonete líquido perolizado 5L","Unidade",2,17.27,34.54,1,34.54]
[19,"Limpa vidros biodegradável 5 L","Unidade",1,22.69,22.69,1,22.69]
[20,"Lustra móveis 200ml","Unidade",6,2.48,14.88,1,14.88]
[21,"Odorizador de ambiente aerossol 360ml","Unidade",6,10.06,60.36,1,60.36]
[22,"Tela odorizadora para mictório","Unidade",2,5.78,11.56,1,11.56]
[23,"Flanela 100% algodão","Unidade",12,2.29,27.48,1,27.48]
[24,"Protetor de assento descartável de papel - Refil 100 unid.","Refil",6,11.99,71.94,1,71.94]
[25,"Papel higiênico hidrossolúvel","Unidade",48,6.81,326.88,1,326.88]
[26,"Toalha de papel inter folhado - Pacote 1000 unid.","Unidade",4,{"v":8.2,"d":"8.20"},{"v":32.8,"d":"32.80"},1,{"v":32.8,"d":"32.80"}]
[27,"Bobina de papel toalha","Unidade",16,33.03,528.48,1,528.48]
[28,"Saco marrom para Lixo - 200 L - 100 unidades","Pacote",1,54.43,54.43,1,54.43]
[null,"Saco marrom para Lixo - 100 L - 100 unidades","Pacote",0,58.62,{"v":0,"d":"0.00"},1,{"v":0,"d":"0.00"}]
[29,"Saco marrom para Lixo - 60 L - 100 unidades","Pacote",1,50.07,50.07,1,50.07]
[null,"Saco marrom para Lixo - 40 L - 100 unidades","Pacote",0,33.38,{"v":0,"d":"0.00"},1,{"v":0,"d":"0.00"}]
[30,"Saco verde para Lixo - 200 L - 100 unidades","Pacote",1,85.38,85.38,1,85.38]
[null,"Saco verde para Lixo - 100 L - 100 unidades","Pacote",0,{"v":39.9,"d":"39.90"},{"v":0,"d":"0.00"},1,{"v":0,"d":"0.00"}]
[null,"Saco verde para Lixo - 60 L - 100 unidades","Pacote",0,16.17,{"v":0,"d":"0.00"},1,{"v":0,"d":"0.00"}]
[31,"Saco verde para Lixo - 40 L - 100 unidades","Pacote",1,10.78,10.78,1,10.78]
[32,"Saco cinza para Lixo - 200 L - 100 unidades","Pacote",1,{"v":118,"d":"118.00"},{"v":118,"d":"118.00"},1,{"v":118,"d":"118.00"}]
[33,"Saco cinza para Lixo - 100 L - 100 unidades","Pacote",1,43.42,43.42,1,43.42]
[null,"Saco cinza para Lixo - 60 L - 100 unidades","Pacote",0,{"v":32.3,"d":"32.30"},{"v":0,"d":"0.00"},1,{"v":0,"d":"0.00"}]
[34,"Saco cinza para Lixo - 40 L - 100 unidades","Pacote",6,{"v":21.5333333333333,"d":"21.53"},{"v":129.2,"d":"129.20"},1,{"v":129.2,"d":"129.20"}]
["Total",{"$nulls":4},{"v":2059.12,"d":"2,059.12"},null,{"v":2059.12,"d":"2,059.12"}]
["Desconto de PIS/COFINS para evitar bitributação",null,{"v":0.0925,"d":"9.25%"},null,"Total com desconto",null,null,{"v":1868.6514,"d":"1,868.65"}]

{"sheet":"EQUIPAMENTOS","index":3,"n_rows":36,"n_cols":10,"rows_kept":36,"merged":[[0,0,0,9],[35,0,35,4]],"flags":["formulas_cached_only"]}
["EQUIPAMENTOS"]
["Item","Descrição","Unidade","Quant.","Valor unit. (R$)","Valor total (R$)","Código da classe de depreciação","Vida útil (anos)","Taxa anual de depreciação","Custo por mês (R$)"]
[1,"Lavadora de alta pressão profissional","Unidade",1,{"v":1365.47,"d":"1,365.47"},1365.47,8413,10,{"v":0.1,"d":"10%"},{"v":11.3789166666667,"d":"11.38"}]
[2,"Aspirador de pó e água","Unidade",1,550.36,550.36,8414,10,{"v":0.1,"d":"10%"},{"v":4.5863333333333305,"d":"4.59"}]
[3,"Lixeira seletiva com 4 compartimentos","Unidade",2,970.17,1940.34,"3923.90",5,{"v":0.2,"d":"20%"},{"v":32.339,"d":"32.34"}]
[4,"Lixeira seletiva com 2 compartimentos","Unidade",5,{"v":48.2,"d":"48.20"},{"v":241,"d":"241.00"},"3923.90",5,{"v":0.2,"d":"20%"},{"v":4.01666666666667,"d":"4.02"}]
[5,"Balde de plástico extraforte ","Unidade",1,14.12,14.12,"3923.90",5,{"v":0.2,"d":"20%"},{"v":0.235333333333333,"d":"0.24"}]
[6,"Escada de Alumínio/Aço, 6 degraus, dobrável, estilo cavalete","Unidade",4,216.94,867.76,8428,10,{"v":0.1,"d":"10%"},{"v":7.23133333333333,"d":"7.23"}]
[7,"Escada de Alumínio/Aço, com 3 degraus, dobrável, estilo cavalete","Unidade",3,{"v":149.3,"d":"149.30"},{"v":447.9,"d":"447.90"},8428,10,{"v":0.1,"d":"10%"},{"v":3.7325,"d":"3.73"}]
[8,"Balde de plástico extraforte ","Unidade",4,14.12,56.48,"3923.90",5,{"v":0.2,"d":"20%"},{"v":0.941333333333333,"d":"0.94"}]
[9,"Escova manual de nylon de tanque anatômica, para limpeza de panos.","Unidade",6,3.79,22.74,"-",1,{"v":1,"d":"100%"},{"v":1.895,"d":"1.90"}]
[10,"Pulverizador/Borrifador profissional 500 ml","Unidade",12,8.69,104.28,"-",1,{"v":1,"d":"100%"},8.69]
[11,"Espanador Eletrostático","Unidade",3,37.42,112.26,"-",1,{"v":1,"d":"100%"},{"v":9.355,"d":"9.36"}]
[12,"Rodo limpa vidro","Unidade",2,{"v":72.6,"d":"72.60"},{"v":145.2,"d":"145.20"},"-",1,{"v":1,"d":"100%"},{"v":12.1,"d":"12.10"}]
[13,"Cabo de Alumínio para vassouras/rodos","Unidade",2,34.82,69.64,"-",1,{"v":1,"d":"100%"},{"v":5.80333333333333,"d":"5.80"}]
[14,"Mangueira Flex PVC – 3 Camadas","Unidade",1,187.94,187.94,"3926.90",2,{"v":0.5,"d":"50%"},{"v":7.83083333333333,"d":"7.83"}]
[15,"Balde giratório MOP","Unidade",4,{"v":113.7,"d":"113.70"},{"v":454.8,"d":"454.80"},"3923.90",5,{"v":0.2,"d":"20%"},7.58]
[16,"Pá coletora de lixo articulada com tampa","Unidade",4,6.79,27.16,"3923.90",5,{"v":0.2,"d":"20%"},{"v":0.45266666666666705,"d":"0.45"}]
[17,"Placa/Cavalete para Sinalização Piso Molhado","Unidade",8,40.26,322.08,"3926.90",5,{"v":0.2,"d":"20%"},{"v":5.368,"d":"5.37"}]
[18,"Rodo de alumínio 40cm, reforçado","Unidade",6,17.16,102.96,"-",1,{"v":1,"d":"100%"},8.58]
[19,"Rodo de alumínio 60cm, reforçado","Unidade",3,28.54,85.62,"-",1,{"v":1,"d":"100%"},{"v":7.135,"d":"7.14"}]
[20,"Carrinho de limpeza profissional","Unidade",2,822.56,1645.12,"3923.90",5,{"v":0.2,"d":"20%"},{"v":27.4186666666667,"d":"27.42"}]
[21,"Desentupidor de vaso sanitário cabo longo","Unidade",2,7.98,15.96,"-",1,{"v":1,"d":"100%"},1.33]
[22,"Conjunto MOP pó","Unidade",3,105.48,316.44,"3923.90",5,{"v":0.2,"d":"20%"},{"v":5.274,"d":"5.27"}]
[23,"Vassoura de nylon","Unidade",12,14.02,168.24,"-",1,{"v":1,"d":"100%"},14.02]
[24,"Vassourão Piaçava","Unidade",4,{"v":33,"d":"33.00"},{"v":132,"d":"132.00"},"-",1,{"v":1,"d":"100%"},{"v":11,"d":"11.00"}]
[25,"Escova Sanitária de nylon com cabo","Unidade",10,10.13,{"v":101.3,"d":"101.30"},"-",1,{"v":1,"d":"100%"},{"v":8.44166666666667,"d":"8.44"}]
[26,"Ciscador","Unidade",2,41.99,83.98,8201,5,{"v":0.2,"d":"20%"},{"v":1.39966666666667,"d":"1.40"}]
[27,"Espanador de teto","Unidade",2,21.54,43.08,"-",1,{"v":1,"d":"100%"},3.59]
[28,"Dispenser para papel higiênico","Unidade",25,29.76,{"v":744,"d":"744.00"},"3923.90",5,{"v":0.2,"d":"20%"},{"v":12.4,"d":"12.40"}]
[29,"Dispenser para protetor de assento sanitário","Unidade",25,17.86,{"v":446.5,"d":"446.50"},"3923.90",5,{"v":0.2,"d":"20%"},{"v":7.44166666666667,"d":"7.44"}]
[30,"Dispenser para sabonete líquido","Unidade",20,29.45,{"v":589,"d":"589.00"},"3923.90",5,{"v":0.2,"d":"20%"},{"v":9.81666666666667,"d":"9.82"}]
[31,"Dispenser para papel toalha (Interfolhado)","Unidade",10,35.28,{"v":352.8,"d":"352.80"},"3923.90",5,{"v":0.2,"d":"20%"},5.88]
[32,"Dispenser para papel toalha (Rolo)","Unidade",12,18.15,{"v":217.8,"d":"217.80"},"3923.90",5,{"v":0.2,"d":"20%"},3.63]
[33,"Dispenser para álcool em gel","Unidade",8,26.82,214.56,"3923.90",5,{"v":0.2,"d":"20%"},{"v":3.576,"d":"3.58"}]
["Total",{"$nulls":4},{"v":12188.89,"d":"12,188.89"},"-","-","-",{"v":254.469583333333,"d":"254.47"}]

{"sheet":"INSERÇÃO-DE-DADOS","index":4,"n_rows":73,"n_cols":14,"rows_kept":73,"merged":[[0,1,0,5],[0,7,2,13],[1,1,1,3],[4,1,4,5],[4,7,4,11],[5,1,5,5],[5,7,5,13],[6,1,6,2],[6,3,6,5],[6,7,8,7],[6,8,7,8],[6,9,7,9],[6,10,7,10],[6,11,7,11],[6,12,8,12],[6,13,8,13],[7,1,7,2],[7,3,7,4],[8,1,8,2],[8,3,8,4],[10,1,10,5],[11,2,11,4],[12,3,12,5],[13,2,13,4],[14,2,14,4],[14,12,14,13],[15,2,15,4],[15,7,15,12],[17,1,17,5],[17,7,17,13],[18,7,18,13],[19,7,20,13],[21,7,22,13],[23,1,23,5],[23,7,24,13],[24,2,24,3],[24,4,24,5],[25,2,25,3],[25,4,25,5],[26,2,26,3],[26,4,26,5],[27,2,27,3],[27,4,27,5],[31,2,31,4],[32,2,32,4],[37,2,37,3],[38,2,38,3],[39,2,39,3],[40,2,40,3],[44,2,44,4],[45,2,45,4],[46,2,46,4],[47,2,47,4],[48,2,48,4],[49,2,49,4],[52,2,52,4],[53,2,53,4],[54,2,54,4],[57,2,57,4],[58,2,58,4],[59,2,59,4],[60,2,60,4],[61,2,61,4],[63,1,63,5],[64,2,64,4],[65,2,65,4],[66,2,66,4],[67,2,67,4],[68,2,68,4],[69,2,69,4],[72,1,72,5]],"flags":["formulas_cached_only"]}
[null,"RAMO: MINISTÉRIO PÚBLILCO FEDERAL (MPF)",{"$nulls":5},"INFORMAÇÕES SOBRE O LOCAL ONDE OS SERVIÇOS DE LIMPEZA E CONSERVAÇÃO SERÃO EXECUTADOS"]
[null,"UNIDADE GESTORA (SIGLA): PR-RR",null,null,"DATA:","2022-09-05"]
[]
[]
[null,"CUSTOS REFERENTES A SERVIÇOS DE LIMPEZA E CONSERVAÇÃO",{"$nulls":5},"PORTARIA VIGENTE À ÉPOCA DA CONTRATAÇÃO",{"$nulls":4},"Nº"]
[null,"Dados referentes à licitação",{"$nulls":5},"ÁREAS FÍSICAS A SEREM LIMPAS (em m²)"]
[null,"Nº do Processo",null,"1.32.000.000258/2022-61",{"$nulls":3},"TIPO DE ÁREA\n(1)","EDIFÍCIO-SEDE","ANEXOS","PTMs/ PRMs","TOTAL","PRODUT. (2)","FREQUÊNCIA (EM HORAS) (3)"]
[null,"Modalidade de Licitação",null,"Pregão nº",null,"(a definir)"]
[null,"Data / Horário",null,"XX/XX/20XX",null,"HH:MM",null,null,"(A)","(B)","(C)","D = (A+B+C)"]
[{"$nulls":7},"área interna",{"v":866,"d":"866.00"},{"v":581,"d":"581.00"},null,{"v":1447,"d":"1,447.00"},800]
[null,"Dados referentes à contratação",{"$nulls":5},"área externa",{"v":1693,"d":"1,693.00"},{"v":2087,"d":"2,087.00"},null,{"v":3780,"d":"3,780.00"},{"v":1800,"d":"1,800"}]
[null,"A","Data de Apresentação da Proposta (DD/MM/AAAA)",null,null,"XX/XX/20XX",null,"esquadria externa",{"v":140,"d":"140.00"},{"v":107,"d":"107.00"},null,{"v":247,"d":"247.00"},300,8]
[null,"B","Local de Execução (Sede, Anexo I ou II, PTM, PRM)","Sede, Anexo I, Anexo II e Anexo III",{"$nulls":3},"fachaçada envidraçada",{"v":19,"d":"19.00"},{"v":0,"d":"0.00"},null,{"v":19,"d":"19.00"},130,6]
[null,"C","Unidade da Federação",null,null,"RR",null,"área médico hospitalar",{"$nulls":3},{"v":0,"d":"0.00"}]
[null,"D","Acordo, Conv. ou Sentença Normativa em Dissídio Coletivo (MM/AAAA)",null,null,"RR000013/2022",null,"TOTAL",{"v":2718,"d":"2,718.00"},{"v":2775,"d":"2,775.00"},{"v":0,"d":"0.00"},{"v":5493,"d":"5,493.00"}]
[null,"E","Número de Meses de Execução Contratual",null,null,30,null,"QTDE DE SERVENTES/ENCARREGADO (SE FOR O CASO) (4)",{"$nulls":5},30]
[]
[null,"Identificação do serviço",{"$nulls":5},"OBSERVAÇÕES (conforme o Anexo VII-D da IN SEGES/MPDG nº 5/2017)"]
[null,"Item","Tipo de Serviço","Adic. Insalub.?","Qtde a Contratar","Salário Normat. (em R$)",null,"(1) Informar as metragens reais da unidade de acordo com os tipos de áreas existentes, incluindo PRMs/PTMs, conforme abrangência da contratação."]
[null,"1","Encarregado de Limpeza",{"$nulls":4},"(2) Caso as produtividades mínimas adotadas sejam diferentes, estes valores das planilhas, bem como os coeficientes deles decorrentes (Ki e Ke), deverão ser adequados à nova situação."]
[null,"2","Servente","NÃO",4,{"v":1240,"d":"1,240.00"}]
[null,"3","Servente - Área Médico Hospitalar",{"$nulls":4},"(3) No caso das esquadrias externas, inserir a frequência de horas mensais. Em relação às fachadas envidraçadas, incluir a frequência de horas semestrais."]
[]
[null,"Mão de obra",{"$nulls":5},"(4) Caso a relação entre serventes e encarregados seja diferente, os valores das planilhas, bem como os coeficientes deles decorrentes (Ki e Ke), deverão ser adequados à nova situação. "]
[null,1,"Tipo de Serviço (mesmo serviço com características distintas)",null,"Limpeza e Conservação"]
[null,2,"Classificação Brasileira de Ocupações (CBO)",null,"5143-20"]
[null,3,"Data-Base da Categoria (DD/MM/AAAA)",null,"2022-01-01"]
[null,4,"Salário Mínimo vigente no país (em R$)",null,{"v":1240,"d":"1,240.00"}]
[]
[null,"CUSTOS POR EMPREGADO"]
[null,"MÓDULO 1: COMPOSIÇÃO DA REMUNERAÇÃO"]
[null,1,"Composição da Remuneração",null,null,"Valor / %"]
[null,"A","Adicional de Insalubridade (em %)",null,null,0]
[]
[null,"MÓDULO 2: ENCARGOS E BENEFÍCIOS ANUAIS, MENSAIS E DIÁRIOS"]
[]
[null,"Submódulo 2.3 - Benefícios Mensais e Diários"]
[null,"2.3","Benefícios Mensais e Diários",null,"Frequência","Valor (em R$)"]
[null,"A","Transporte",null,"Diária",{"v":8.5,"d":"8.50 "}]
[null,"B","Auxílio-Refeição/Alimentação",null,"Diária",{"v":19.5,"d":"19.50 "}]
[null,"D","Dias Trabalhados no mês (15 dias intercalados ou 22 dias úteis)",null,"Mensal",{"v":22,"d":"22 "}]
[]
[null,"MÓDULO 4: CUSTO DE REPOSIÇÃO DO PROFISSIONAL AUSENTE"]
[null,"Submódulo 4.1 - Substituto nas Ausências Legais"]
[null,"4.1","Substituto nas Ausências Legais",null,null,"%"]
[null,"A","Férias ",null,null,{"v":8.33333333333333,"d":"8.33"}]
[null,"B","Ausências Legais",null,null,2.22]
[null,"C","Licença Paternidade",null,null,0.04]
[null,"D","Ausência por Acidente de Trabalho",null,null,0.02]
[null,"E","Afastamento Maternidade",null,null,0.14]
[]
[null,"Submódulo 4.2 - Substituto na Intrajornada"]
[null,"4.2","Substituto na Intrajornada",null,null,"% / Minutos"]
[null,"A","Hora Extra (em %)",null,null,0]
[null,"B","Tempo de Intervalo para Refeição (em minutos)",null,null,0]
[]
[null,"MÓDULO 5: INSUMOS DIVERSOS"]
[null,5,"Insumos Diversos",null,null,"Valor (R$)"]
[null,"A","Uniformes",null,null,{"v":109.708333333333,"d":"109.71 "}]
[null,"B","Materiais (fornecimento mensal)",null,null,{"v":467.16285,"d":"467.16 "}]
[null,"C","Equipamentos",null,null,{"v":63.6173958333333,"d":"63.62 "}]
[null,"D","Equipamento de proteção indivigual (EPI)",null,null,{"v":42.4761666666667,"d":"42.48"}]
[]
[null,"MÓDULO 6: CUSTOS INDIRETOS, TRIBUTOS E LUCRO"]
[null,6,"Custos Indiretos, Tributos e Lucro",null,null,"%"]
[null,"A","Custos Indiretos",null,null,{"v":4.73,"d":"4.73 "}]
[null,"B","Lucro",null,null,{"v":5.57,"d":"5.57 "}]
[null,"C.1","PIS",null,0.65,{"v":0.65,"d":"0.65 "}]
[null,"C.2","Cofins",null,3,{"v":3,"d":"3.00 "}]
[null,"C.3","ISS",null,5,{"v":5,"d":"5.00 "}]
[]
[null,"OBSERVAÇÃO"]
[null,"Para mais informações, consulte o Referencial Técnico de Custos, constante da aba PUBLICAÇÕES, na página da Auditoria Interna do MPU na internet (www.auditoria.mpu.mp.br)."]

{"sheet":"DADOS-ESTATISTICOS","index":5,"n_rows":44,"n_cols":6,"rows_kept":44,"merged":[[2,2,2,4],[3,2,3,4],[4,2,4,4],[5,2,5,4],[6,2,6,4],[7,2,7,4],[8,2,8,4],[9,2,9,4],[10,2,10,4],[14,2,14,3],[15,2,15,3],[18,2,18,4],[19,2,19,4],[20,2,20,4],[21,2,21,4],[22,2,22,4],[23,2,23,4],[27,2,27,4],[28,2,28,4],[29,2,29,4],[30,2,30,4],[31,2,31,4],[32,2,32,4],[33,2,33,4],[34,2,34,4],[35,2,35,4],[38,2,38,4],[39,2,39,4],[40,2,40,4],[43,1,43,5]],"flags":["formulas_cached_only"]}
[null,"DADOS ESTATÍSTICOS"]
[null,"MÓDULO 1: COMPOSIÇÃO DA REMUNERAÇÃO"]
[null,1,"Composição da Remuneração",null,null,"Dias / Horas / Minutos"]
[null,"A","Divisor de Horas (em horas)",null,null,220]
[null,"B","Dias na Semana",null,null,7]
[null,"C","Dias no Ano",null,null,365]
[null,"D","Média Anual de Dias Trabalhados no Mês",null,null,15.2]
[null,"E","Meses no Ano ",null,null,12]
[null,"F","Meses no Semestre",null,null,6]
[null,"G","Hora Normal (em minutos)",null,null,60]
[null,"H","Carga Horária Semanal (em horas)",null,null,44]
[]
[null,"MÓDULO 2: ENCARGOS E BENEFÍCIOS ANUAIS, MENSAIS E DIÁRIOS"]
[null,"Submódulo 2.3 - Benefícios Mensais e Diários"]
[null,"2.3","Benefícios Mensais e Diários",null,"Frequência","Dias / %"]
[null,"A","Desconto Remuneração Transporte",null,"Mensal",{"v":6,"d":"6 "}]
[]
[null,"MÓDULO 3: PROVISÃO PARA RESCISÃO"]
[null,3,"Provisão para Rescisão",null,null,"Dias / %"]
[null,"A","Faxineiros demitidos sem justa causa / Total de desligamentos (em %)",null,null,{"v":56.24,"d":"56.24 "}]
[null,"B","Empregados que recebem aviso prévio indenizado (em %)",null,null,{"v":5.55,"d":"5.55 "}]
[null,"C","Multa do FGTS (em %)",null,null,{"v":40,"d":"40 "}]
[null,"D","Empregados que recebem aviso prévio trabalhado (em %)",null,null,{"v":94.45,"d":"94.45 "}]
[null,"E","Dias no mês",null,null,{"v":30,"d":"30.00 "}]
[]
[null,"MÓDULO 4: CUSTO DE REPOSIÇÃO DO PROFISSIONAL AUSENTE"]
[null,"Submódulo 4.1 - Substituto nas Ausências Legais"]
[null,"4.1","Substituto nas Ausências Legais",null,null,"Dias / %"]
[null,"A","Dias de Ausências Legais",null,null,{"v":8,"d":"8 "}]
[null,"B","Dias de Licença-Paternidade",null,null,{"v":20,"d":"20 "}]
[null,"C","Nascidos Vivos / População Feminina (em %)",null,null,{"v":1.42,"d":"1.42 "}]
[null,"D","Participação Masculina nos Serviços de Limpeza (em %)",null,null,{"v":45.22,"d":"45.22 "}]
[null,"E","Empregados afastados por acidente de trabalho (em %)",null,null,{"v":0.444725350494139,"d":"0.44 "}]
[null,"F","Dias pagos pela empresa em acidentes de trabalho",null,null,{"v":15,"d":"15 "}]
[null,"G","Dias de Licença-Maternidade",null,null,{"v":180,"d":"180 "}]
[null,"H","Participação Feminina nos Serviços de Limpeza (em %)",null,null,{"v":54.78,"d":"54.78 "}]
[]
[null,"Submódulo 4.2 - Intrajornada"]
[null,"4.2","Intrajornada",null,null,"Minutos / %"]
[null,"A","Hora Extra (em %)",null,null,0]
[null,"B","Tempo de Intervalo para Refeição (em minutos)",null,null,0]
[]
[null,"OBSERVAÇÃO"]
[null,"Para mais informações, consulte o Referencial Técnico de Custos, constante da aba PUBLICAÇÕES, na página da Auditoria Interna do MPU na internet (www.auditoria.mpu.mp.br)."]

{"sheet":"ENCARGOS-SOCIAIS-E-TRABALHISTAS","index":6,"n_rows":33,"n_cols":6,"rows_kept":33,"merged":[[3,2,3,3],[4,2,4,3],[5,2,5,3],[6,1,6,5],[7,2,7,3],[8,2,8,3],[9,2,9,3],[10,2,10,3],[11,2,11,3],[12,2,12,3],[13,2,13,3],[14,2,14,3],[15,2,15,3],[16,1,16,3],[18,2,18,3],[19,2,19,3],[20,2,20,3],[21,2,21,3],[24,2,24,3],[25,2,25,3],[27,2,27,3],[28,2,28,3],[29,2,29,3],[32,1,32,5]],"flags":["formulas_cached_only"]}
[null,"ENCARGOS SOCIAIS E TRABALHISTAS"]
[null,"MÓDULO 2: ENCARGOS E BENEFÍCIOS ANUAIS, MENSAIS E DIÁRIOS"]
[null,"Submódulo 2.1 - 13º (décimo terceiro) Salário e Adicional de Férias"]
[null,"2.1","13º Salário e Adicional de Férias",null,"%","Memória de Cálculo"]
[null,"A","13º Salário",null,{"v":8.33333333333333,"d":"8.33"},"(1/12) x 100"]
[null,"B","Adicional de Férias",null,{"v":2.77777777777778,"d":"2.78"},"[(1/3)/12] x 100"]
[null,"Submódulo 2.2 - Encargos Previdencários (GPS), Fundo de Garantia por Tempo de Serviço (FGTS) e Outras Contribuições"]
[null,"2.2","Encargos Previdenciários (GPS), Fundo de Garantia por Tempo de Serviço (FGTS) e outras contribuições",null,"%"]
[null,"A","INSS",null,{"v":20,"d":"20.00"}]
[null,"B","Salário Educação",null,{"v":2.5,"d":"2.50"}]
[null,"C","Riscos Ambientas do Trabalho",null,{"v":3,"d":"3.00"}]
[null,"D","SESC",null,{"v":1.5,"d":"1.50"}]
[null,"E","SENAC",null,{"v":1,"d":"1.00"}]
[null,"F","SEBRAE",null,{"v":0.6000000000000001,"d":"0.60"}]
[null,"G","INCRA",null,{"v":0.2,"d":"0.20"}]
[null,"H","FGTS",null,{"v":8,"d":"8.00"}]
[null,"TOTAL",null,null,{"v":36.8,"d":"36.80"}]
[null,"MÓDULO 3: PROVISÃO PARA RESCISÃO"]
[null,3,"Provisão para Rescisão",null,"%","Memória de Cálculo"]
[null,"A","Aviso Prévio Indenizado",null,{"v":0.26011,"d":"0.26"},"[(56,24%) x 5,55% x (1/12)] x 100"]
[null,"B","Aviso Prévio Trabalhado",null,{"v":1.03286322222222,"d":"1.03"},"[(56,24%) x 94,45% x (7/30)/12] x 100"]
[null,"C","Multa do FGTS sobre o Aviso Prévio Trabalhado",null,0.04,"[1,03% x 40% x 8,00%] x 100 "]
[null,"MÓDULO 4: CUSTO DE REPOSIÇÃO DO PROFISSIONAL AUSENTE"]
[null,"Submódulo 4.1 - Substituto nas Ausências Legais"]
[null,"4.1","Substituto nas Ausências Legais",null,"%","Memória de Cálculo"]
[null,"A","Substituto na Cobertura de Férias ",null,{"v":8.33333333333333,"d":"8.33"},"(1/12) x 100 "]
[null,"B","Substituto na Cobertura de Ausências Legais",null,{"v":2.22222222222222,"d":"2.22"},"[(8/30)/12] x 100"]
[null,"C","Substituto na Cobertura de Licença-Paternidade",null,{"v":0.0356735555555555,"d":"0.04"},"{[(20/30)/12] x 1,416% x 45,22%} x 100"]
[null,"D","Substituto na Cobertura de Ausência por Acidente de Trabalho",null,{"v":0.0185302229372558,"d":"0.02"},"[(15/30)/12] x 0,44%} x 100"]
[null,"E","Substituto na Cobertura de Afastamento Maternidade",null,{"v":0.14312918400000002,"d":"0.14"},"{[(180/30)/12] x 1,416% x 54,78% x 36,80%} x 100"]
[]
[null,"OBSERVAÇÃO"]
[null,"Para mais informações, consulte o Referencial Técnico de Custos, constante da aba PUBLICAÇÕES, na página da Auditoria Interna do MPU na internet (www.auditoria.mpu.mp.br)."]

{"sheet":"ENCARREGADOS","index":7,"n_rows":96,"n_cols":6,"rows_kept":96,"hidden":true,"merged":[[0,1,0,5],[1,1,1,3],[2,1,2,5],[3,1,3,5],[4,1,4,2],[4,3,4,5],[5,1,5,2],[5,3,5,4],[6,1,6,5],[7,2,7,4],[8,3,8,5],[9,2,9,4],[10,2,10,4],[11,2,11,4],[13,2,13,3],[13,4,13,5],[14,3,14,5],[15,3,15,5],[16,2,16,4],[17,1,17,5],[19,2,19,4],[20,2,20,4],[21,2,21,4],[22,2,22,4],[23,2,23,4],[24,2,24,4],[25,1,25,4],[28,2,28,3],[29,2,29,3],[30,2,30,3],[31,1,31,4],[32,1,32,5],[33,2,33,3],[34,2,34,3],[35,2,35,3],[36,2,36,3],[37,2,37,3],[38,2,38,3],[39,2,39,3],[40,2,40,3],[41,2,41,3],[42,1,42,4],[44,2,44,4],[45,2,45,4],[46,2,46,4],[47,2,47,4],[48,2,48,4],[49,2,49,4],[50,1,50,4],[52,2,52,3],[53,2,53,3],[54,2,54,3],[55,2,55,3],[56,1,56,4],[59,2,59,3],[60,2,60,3],[61,2,61,3],[62,2,62,3],[63,2,63,3],[64,2,64,3],[65,2,65,3],[66,1,66,4],[68,2,68,4],[69,2,69,4],[70,1,70,4],[72,2,72,4],[73,2,73,4],[74,2,74,4],[75,2,75,4],[76,2,76,4],[77,1,77,4],[78,1,78,5],[79,2,79,3],[80,2,80,3],[81,2,81,3],[82,2,82,3],[83,2,83,3],[84,2,84,3],[85,2,85,3],[86,1,86,4],[88,2,88,4],[89,2,89,4],[90,2,90,4],[91,2,91,4],[92,2,92,4],[93,2,93,4],[94,2,94,4],[95,1,95,4]],"flags":["formulas_cached_only"]}
[null,0]
[null,0,null,null,"DATA:","2022-09-05"]
[null,"CUSTOS REFERENTES AO ENCARREGADO"]
[null,"Dados referentes à licitação"]
[null,"Nº do Processo",null,0]
[null,"Modalidade de Licitação",null,0,null,{"v":0,"d":"0.00"}]
[null,"DISCRIMINAÇÃO DOS SERVIÇOS (DADOS REFERENTES À CONTRATAÇÃO)"]
[null,"A","Data de Apresentação da Proposta (DD/MM/AAAA)",null,null,"00:00:00"]
[null,"B","Local de Execução (Sede, Anexo I ou II, PTM, PRM)",0]
[null,"C","Acordo, Conv. ou Sentença Normativa em Dissídio Coletivo (MM/AAAA)",null,null,{"v":0,"d":"0.00"}]
[null,"D","Número de Meses de Execução Contratual",null,null,30]
[null,"E","Quantidade de Encarregados",null,null,0]
[null,"CUSTOS POR EMPREGADO"]
[null,1,"Tipo de Serviço (mesmo serviço com características distintas)",null,0]
[null,2,"Classificação Brasileira de Ocupações (CBO)",0]
[null,3,"Categoria Profissional (vinculada à execução contratual)",0]
[null,4,"Data-Base da Categoria (DD/MM/AAAA)",null,null,"2022-01-01"]
[null,"PLANILHA DE CUSTOS E FORMAÇÃO DE PREÇOS"]
[null,"MÓDULO 1: COMPOSIÇÃO DA REMUNERAÇÃO"]
[null,1,"Composição da Remuneração",null,null,"Valor (R$)"]
[null,"A","Salário-Base",null,null,{"v":0,"d":"0.00"}]
[null,"B","Adicional de Insalubridade",null,null,{"v":0,"d":"0.00"}]
[null,"C",{"$error":"#NAME?"},null,null,{"$error":"#NAME?"}]
[null,"D",{"$error":"#NAME?"},null,null,{"$error":"#NAME?"}]
[null,"E",{"$error":"#NAME?"},null,null,{"$error":"#NAME?"}]
[null,"TOTAL",{"$nulls":3},{"v":0,"d":"0.00"}]
[null,"MÓDULO 2: ENCARGOS E BENEFÍCIOS ANUAIS, MENSAIS E DIÁRIOS"]
[null,"Submódulo 2.1 - 13º (décimo terceiro) Salário e Adicional de Férias"]
[null,"2.1","13º Salário e Adicional de Férias",null,"%","Valor (R$)"]
[null,"A","13º Salário",null,{"v":8.33333333333333,"d":"8.33"},{"v":0,"d":"0.00 "}]
[null,"B","Adicional de Férias",null,{"v":2.77777777777778,"d":"2.78"},{"v":0,"d":"0.00 "}]
[null,"TOTAL",{"$nulls":3},{"v":0,"d":"0.00"}]
[null,"Submódulo 2.2 - Encargos Previdencários (GPS), Fundo de Garantia por Tempo de Serviço (FGTS) e Outras Contribuições"]
[null,"2.2","Encargos Previdenciários (GPS), Fundo de Garantia por Tempo de Serviço (FGTS) e outras contribuições",null,"%","Valor (R$)"]
[null,"A","INSS",null,{"v":20,"d":"20.00"},{"v":0,"d":"0.00 "}]
[null,"B","Salário Educação",null,{"v":2.5,"d":"2.50"},{"v":0,"d":"0.00 "}]
[null,"C","Riscos Ambientas do Trabalho",null,{"v":3,"d":"3.00"},{"v":0,"d":"0.00 "}]
[null,"D","SESC",null,{"v":1.5,"d":"1.50"},{"v":0,"d":"0.00 "}]
[null,"E","SENAC",null,{"v":1,"d":"1.00"},{"v":0,"d":"0.00 "}]
[null,"F","SEBRAE",null,{"v":0.6000000000000001,"d":"0.60"},{"v":0,"d":"0.00 "}]
[null,"G","INCRA",null,{"v":0.2,"d":"0.20"},{"v":0,"d":"0.00 "}]
[null,"H","FGTS",null,{"v":8,"d":"8.00"},{"v":0,"d":"0.00 "}]
[null,"TOTAL",{"$nulls":3},{"v":0,"d":"0.00"}]
[null,"Submódulo 2.3 - Benefícios Mensais e Diários"]
[null,"2.3","Benefícios Mensais e Diários",null,null,"Valor (R$)"]
[null,"A","Transporte",null,null,{"v":187,"d":"187.00 "}]
[null,"B","Auxílio-Refeição/Alimentação",null,null,{"v":429,"d":"429.00 "}]
[null,"C",{"$error":"#NAME?"},null,null,{"$error":"#NAME?"}]
[null,"D",{"$error":"#NAME?"},null,null,{"$error":"#NAME?"}]
[null,"E",{"$error":"#NAME?"},null,null,{"$error":"#NAME?"}]
[null,"TOTAL",{"$nulls":3},{"v":0,"d":"0.00"}]
[null,"MÓDULO 3: PROVISÃO PARA RESCISÃO"]
[null,3,"Provisão para Rescisão",null,"%","Valor (R$)"]
[null,"A","Aviso Prévio Indenizado",null,{"v":0.26011,"d":"0.26"},{"v":0,"d":"0.00 "}]
[null,"B","Aviso Prévio Trabalhado",null,{"v":1.03286322222222,"d":"1.03"},{"v":0,"d":"0.00 "}]
[null,"C","Multa do FGTS sobre o Aviso Prévio Trabalhado",null,0.04,{"v":0,"d":"0.00 "}]
[null,"TOTAL",{"$nulls":3},{"v":0,"d":"0.00"}]
[null,"MÓDULO 4: CUSTO DE REPOSIÇÃO DO PROFISSIONAL AUSENTE"]
[null,"Submódulo 4.1 - Substituto nas Ausências Legais"]
[null,"4.1","Substituto nas Ausências Legais",null,"%","Valor (R$)"]
[null,"A","Substituto na Cobertura de Férias ",null,{"v":8.33333333333333,"d":"8.33"},{"v":0,"d":"0.00 "}]
[null,"B","Substituto na Cobertura de Ausências Legais",null,{"v":2.22222222222222,"d":"2.22"},{"v":0,"d":"0.00 "}]
[null,"C","Substituto na Cobertura de Licença-Paternidade",null,{"v":0.0356735555555555,"d":"0.04"},{"v":0,"d":"0.00 "}]
[null,"D","Substituto na Cobertura de Ausência por Acidente de Trabalho",null,{"v":0.0185302229372558,"d":"0.02"},{"v":0,"d":"0.00 "}]
[null,"E","Substituto na Cobertura de Afastamento Maternidade",null,{"v":0.14312918400000002,"d":"0.14"},{"v":0,"d":"0.00 "}]
[null,"F",{"$error":"#NAME?"},null,{"$error":"#NAME?"},{"$error":"#NAME?"}]
[null,"TOTAL",{"$nulls":3},{"v":0,"d":"0.00"}]
[null,"Submódulo 4.2 - Substituto na Intrajornada"]
[null,"4.2","Substituto na Intrajornada",null,null,"Valor (R$)"]
[null,"A","Substituto na Cobertura de Intervalo para Repouso e Alimentação",null,null,{"v":0,"d":"0.00"}]
[null,"TOTAL",{"$nulls":3},{"v":0,"d":"0.00"}]
[null,"MÓDULO 5: INSUMOS DIVERSOS"]
[null,5,"Insumos Diversos",null,null,"Valor (R$)"]
[null,"A","Uniformes",null,null,{"v":109.708333333333,"d":"109.71 "}]
[null,"B","Materiais",null,null,{"v":467.16285,"d":"467.16 "}]
[null,"C","Equipamentos",null,null,{"v":63.6173958333333,"d":"63.62 "}]
[null,"D",{"v":0,"d":"0.00"},null,null,{"v":42.4761666666667,"d":"42.48 "}]
[null,"TOTAL",{"$nulls":3},{"v":0,"d":"0.00"}]
[null,"MÓDULO 6: CUSTOS INDIRETOS, TRIBUTOS E LUCRO"]
[null,6,"Custos Indiretos, Tributos e Lucro",null,"%","Valor (R$)"]
[null,"A","Custos Indiretos",null,{"v":4.73,"d":"4.73 "},{"v":0,"d":"0.00 "}]
[null,"B","Lucro",null,{"v":5.57,"d":"5.57 "},{"v":0,"d":"0.00 "}]
[null,"C","Tributos",null,{"v":8.65,"d":"8.65 "},{"v":0,"d":"0.00 "}]
[null,"C.1","PIS",null,{"v":0.65,"d":"0.65 "},{"v":0,"d":"0.00 "}]
[null,"C.2","Cofins",null,{"v":3,"d":"3.00 "},{"v":0,"d":"0.00 "}]
[null,"C.3","ISS",null,{"v":5,"d":"5.00 "},{"v":0,"d":"0.00 "}]
[null,"TOTAL",{"$nulls":3},{"v":0,"d":"0.00 "}]
[null,"QUADRO RESUMO - CUSTO POR EMPREGADO"]
[null,"MÓD.","Mão-de-obra vinculada à execução contratual (valor por empregado)",null,null,"Valor    (R$)"]
[null,1,"Composição da Remuneração",null,null,{"v":0,"d":"0.00 "}]
[null,2,"Encargos e Benefícios Anuais, Mensais e Diários",null,null,{"v":0,"d":"0.00 "}]
[null,3,"Provisão para Rescisão",null,null,{"v":0,"d":"0.00 "}]
[null,4,"Custo de Reposição do Profissional Ausente",null,null,{"v":0,"d":"0.00 "}]
[null,5,"Insumos Diversos",null,null,{"v":0,"d":"0.00 "}]
[null,6,"Custos Indiretos, Tributos e Lucro",null,null,{"v":0,"d":"0.00 "}]
[null,"VALOR TOTAL DO ENCARREGADO",{"$nulls":3},{"v":0,"d":"0.00 "}]

{"sheet":"SERVENTES","index":8,"n_rows":89,"n_cols":6,"rows_kept":89,"merged":[[0,1,0,5],[1,1,1,3],[2,1,2,5],[3,1,3,5],[4,1,4,2],[4,3,4,5],[5,1,5,2],[5,3,5,4],[6,1,6,5],[7,2,7,4],[8,3,8,5],[9,2,9,4],[10,2,10,4],[11,2,11,4],[13,2,13,3],[13,4,13,5],[14,3,14,5],[15,3,15,5],[16,2,16,4],[17,1,17,5],[19,2,19,4],[20,2,20,4],[21,2,21,4],[22,1,22,4],[25,2,25,3],[26,2,26,3],[27,2,27,3],[28,1,28,4],[29,1,29,5],[30,2,30,3],[31,2,31,3],[32,2,32,3],[33,2,33,3],[34,2,34,3],[35,2,35,3],[36,2,36,3],[37,2,37,3],[38,2,38,3],[39,1,39,4],[41,2,41,4],[42,2,42,4],[43,2,43,4],[44,1,44,4],[46,2,46,3],[47,2,47,3],[48,2,48,3],[49,2,49,3],[50,1,50,4],[53,2,53,3],[54,2,54,3],[55,2,55,3],[56,2,56,3],[57,2,57,3],[58,2,58,3],[59,1,59,4],[61,2,61,4],[62,2,62,4],[63,1,63,4],[65,2,65,4],[66,2,66,4],[67,2,67,4],[68,2,68,4],[69,2,69,4],[70,1,70,4],[71,1,71,5],[72,2,72,3],[73,2,73,3],[74,2,74,3],[75,2,75,3],[76,2,76,3],[77,2,77,3],[78,2,78,3],[79,1,79,4],[81,2,81,4],[82,2,82,4],[83,2,83,4],[84,2,84,4],[85,2,85,4],[86,2,86,4],[87,2,87,4],[88,1,88,4]],"flags":["formulas_cached_only"]}
[null,0]
[null,0,null,null,"DATA:","2022-09-05"]
[null,"CUSTOS REFERENTES AO SERVENTE"]
[null,"Dados referentes à licitação"]
[null,"Nº do Processo",null,0]
[null,"Modalidade de Licitação",null,0,null,{"v":0,"d":"0.00"}]
[null,"DISCRIMINAÇÃO DOS SERVIÇOS (DADOS REFERENTES À CONTRATAÇÃO)"]
[null,"A","Data de Apresentação da Proposta (DD/MM/AAAA)",null,null,"00:00:00"]
[null,"B","Local de Execução (Sede, Anexo I ou II, PTM, PRM)",0]
[null,"C","Acordo, Conv. ou Sentença Normativa em Dissídio Coletivo (MM/AAAA)",null,null,{"v":0,"d":"0.00"}]
[null,"D","Número de Meses de Execução Contratual",null,null,30]
[null,"E","Quantidade de Serventes",null,null,4]
[null,"CUSTOS POR EMPREGADO"]
[null,1,"Tipo de Serviço (mesmo serviço com características distintas)",null,0]
[null,2,"Classificação Brasileira de Ocupações (CBO)",0]
[null,3,"Categoria Profissional (vinculada à execução contratual)",0]
[null,4,"Data-Base da Categoria (DD/MM/AAAA)",null,null,"2022-01-01"]
[null,"PLANILHA DE CUSTOS E FORMAÇÃO DE PREÇOS"]
[null,"MÓDULO 1: COMPOSIÇÃO DA REMUNERAÇÃO"]
[null,1,"Composição da Remuneração",null,null,"Valor (R$)"]
[null,"A","Salário-Base",null,null,{"v":1240,"d":"1,240.00"}]
[null,"B","Adicional de Insalubridade",null,null,{"v":0,"d":"0.00"}]
[null,"TOTAL",{"$nulls":3},{"v":1240,"d":"1,240.00"}]
[null,"MÓDULO 2: ENCARGOS E BENEFÍCIOS ANUAIS, MENSAIS E DIÁRIOS"]
[null,"Submódulo 2.1 - 13º (décimo terceiro) Salário e Adicional de Férias"]
[null,"2.1","13º Salário e Adicional de Férias",null,"%","Valor (R$)"]
[null,"A","13º Salário",null,{"v":8.33333333333333,"d":"8.33"},{"v":103.333333333333,"d":"103.33 "}]
[null,"B","Adicional de Férias",null,{"v":2.77777777777778,"d":"2.78"},{"v":34.4444444444445,"d":"34.44 "}]
[null,"TOTAL",{"$nulls":3},{"v":137.777777777778,"d":"137.78"}]
[null,"Submódulo 2.2 - Encargos Previdencários (GPS), Fundo de Garantia por Tempo de Serviço (FGTS) e Outras Contribuições"]
[null,"2.2","Encargos Previdenciários (GPS), Fundo de Garantia por Tempo de Serviço (FGTS) e outras contribuições",null,"%","Valor (R$)"]
[null,"A","INSS",null,{"v":20,"d":"20.00"},{"v":275.555555555556,"d":"275.56 "}]
[null,"B","Salário Educação",null,{"v":2.5,"d":"2.50"},{"v":34.4444444444444,"d":"34.44 "}]
[null,"C","Riscos Ambientas do Trabalho",null,{"v":3,"d":"3.00"},{"v":41.3333333333333,"d":"41.33 "}]
[null,"D","SESC",null,{"v":1.5,"d":"1.50"},{"v":20.6666666666667,"d":"20.67 "}]
[null,"E","SENAC",null,{"v":1,"d":"1.00"},{"v":13.7777777777778,"d":"13.78 "}]
[null,"F","SEBRAE",null,{"v":0.6000000000000001,"d":"0.60"},{"v":8.26666666666667,"d":"8.27 "}]
[null,"G","INCRA",null,{"v":0.2,"d":"0.20"},{"v":2.75555555555556,"d":"2.76 "}]
[null,"H","FGTS",null,{"v":8,"d":"8.00"},{"v":110.222222222222,"d":"110.22 "}]
[null,"TOTAL",{"$nulls":3},{"v":507.022222222222,"d":"507.02"}]
[null,"Submódulo 2.3 - Benefícios Mensais e Diários"]
[null,"2.3","Benefícios Mensais e Diários",null,null,"Valor (R$)"]
[null,"A","Transporte",null,null,{"v":112.6,"d":"112.60 "}]
[null,"B","Auxílio-Refeição/Alimentação",null,null,{"v":428.75,"d":"428.75 "}]
[null,"TOTAL",{"$nulls":3},541.35]
[null,"MÓDULO 3: PROVISÃO PARA RESCISÃO"]
[null,3,"Provisão para Rescisão",null,"%","Valor (R$)"]
[null,"A","Aviso Prévio Indenizado",null,{"v":0.26011,"d":"0.26"},{"v":5.278542285,"d":"5.28 "}]
[null,"B","Aviso Prévio Trabalhado",null,{"v":1.03286322222222,"d":"1.03"},{"v":25.0588110659444,"d":"25.06 "}]
[null,"C","Multa do FGTS sobre o Aviso Prévio Trabalhado",null,0.04,{"v":0.551111111111111,"d":"0.55 "}]
[null,"TOTAL",{"$nulls":3},{"v":30.8884644620555,"d":"30.89"}]
[null,"MÓDULO 4: CUSTO DE REPOSIÇÃO DO PROFISSIONAL AUSENTE"]
[null,"Submódulo 4.1 - Substituto nas Ausências Legais"]
[null,"4.1","Substituto nas Ausências Legais",null,"%","Valor (R$)"]
[null,"A","Substituto na Cobertura de Férias ",null,{"v":8.33333333333333,"d":"8.33"},{"v":204.753205371838,"d":"204.75 "}]
[null,"B","Substituto na Cobertura de Ausências Legais",null,{"v":2.22222222222222,"d":"2.22"},{"v":54.6008547658234,"d":"54.60 "}]
[null,"C","Substituto na Cobertura de Licença-Paternidade",null,{"v":0.0356735555555555,"d":"0.04"},{"v":0.876512981641239,"d":"0.88 "}]
[null,"D","Substituto na Cobertura de Ausência por Acidente de Trabalho",null,{"v":0.0185302229372558,"d":"0.02"},{"v":0.45529470511894604,"d":"0.46 "}]
[null,"E","Substituto na Cobertura de Afastamento Maternidade",null,{"v":0.14312918400000002,"d":"0.14"},{"v":3.5167391047506698,"d":"3.52 "}]
[null,"TOTAL",{"$nulls":3},{"v":264.202606929172,"d":"264.20"}]
[null,"Submódulo 4.2 - Substituto na Intrajornada"]
[null,"4.2","Substituto na Intrajornada",null,null,"Valor (R$)"]
[null,"A","Substituto na Cobertura de Intervalo para Repouso e Alimentação",null,null,{"v":0,"d":"0.00"}]
[null,"TOTAL",{"$nulls":3},{"v":0,"d":"0.00"}]
[null,"MÓDULO 5: INSUMOS DIVERSOS"]
[null,5,"Insumos Diversos",null,null,"Valor (R$)"]
[null,"A","Uniformes",null,null,{"v":109.708333333333,"d":"109.71 "}]
[null,"B","Materiais (fornecimento mensal)",null,null,{"v":467.16285,"d":"467.16 "}]
[null,"C","Equipamentos (em comodato)",null,null,{"v":63.6173958333333,"d":"63.62 "}]
[null,"D",{"v":0,"d":"0.00"},null,null,{"v":42.4761666666667,"d":"42.48 "}]
[null,"TOTAL",{"$nulls":3},{"v":682.964745833333,"d":"682.96"}]
[null,"MÓDULO 6: CUSTOS INDIRETOS, TRIBUTOS E LUCRO"]
[null,6,"Custos Indiretos, Tributos e Lucro",null,"%","Valor (R$)"]
[null,"A","Custos Indiretos",null,{"v":4.73,"d":"4.73 "},{"v":161.018935154722,"d":"161.02 "}]
[null,"B","Lucro",null,{"v":5.57,"d":"5.57 "},{"v":198.583018707526,"d":"198.58 "}]
[null,"C","Tributos",null,{"v":8.65,"d":"8.65 "},{"v":356.397780185013,"d":"356.40 "}]
[null,"C.1","PIS",null,{"v":0.65,"d":"0.65 "},{"v":26.7813360832668,"d":"26.78 "}]
[null,"C.2","Cofins",null,{"v":3,"d":"3.00 "},{"v":123.606166538155,"d":"123.61 "}]
[null,"C.3","ISS",null,{"v":5,"d":"5.00 "},{"v":206.010277563591,"d":"206.01 "}]
[null,"TOTAL",{"$nulls":3},{"v":715.999734047261,"d":"716.00 "}]
[null,"QUADRO RESUMO - CUSTO POR EMPREGADO"]
[null,"MÓD.","Mão-de-obra vinculada à execução contratual (valor por empregado)",null,null,"Valor    (R$)"]
[null,1,"Composição da Remuneração",null,null,{"v":1240,"d":"1,240.00 "}]
[null,2,"Encargos e Benefícios Anuais, Mensais e Diários",null,null,{"v":1186.15,"d":"1,186.15 "}]
[null,3,"Provisão para Rescisão",null,null,{"v":30.8884644620555,"d":"30.89 "}]
[null,4,"Custo de Reposição do Profissional Ausente",null,null,{"v":264.202606929172,"d":"264.20 "}]
[null,5,"Insumos Diversos",null,null,{"v":682.964745833333,"d":"682.96 "}]
[null,6,"Custos Indiretos, Tributos e Lucro",null,null,{"v":715.999734047261,"d":"716.00 "}]
[null,"VALOR TOTAL DO SERVENTE",{"$nulls":3},{"v":4120.20555127182,"d":"4,120.21 "}]

{"sheet":"SERVENTES-AREA-HOSP","index":9,"n_rows":89,"n_cols":6,"rows_kept":89,"hidden":true,"merged":[[0,1,0,5],[1,1,1,3],[2,1,2,5],[3,1,3,5],[4,1,4,2],[4,3,4,5],[5,1,5,2],[5,3,5,4],[6,1,6,5],[7,2,7,4],[8,3,8,5],[9,2,9,4],[10,2,10,4],[11,2,11,4],[13,2,13,3],[13,4,13,5],[14,3,14,5],[15,3,15,5],[16,2,16,4],[17,1,17,5],[19,2,19,4],[20,2,20,4],[21,2,21,4],[22,1,22,4],[25,2,25,3],[26,2,26,3],[27,2,27,3],[28,1,28,4],[29,1,29,5],[30,2,30,3],[31,2,31,3],[32,2,32,3],[33,2,33,3],[34,2,34,3],[35,2,35,3],[36,2,36,3],[37,2,37,3],[38,2,38,3],[39,1,39,4],[41,2,41,4],[42,2,42,4],[43,2,43,4],[44,1,44,4],[46,2,46,3],[47,2,47,3],[48,2,48,3],[49,2,49,3],[50,1,50,4],[53,2,53,3],[54,2,54,3],[55,2,55,3],[56,2,56,3],[57,2,57,3],[58,2,58,3],[59,1,59,4],[61,2,61,4],[62,2,62,4],[63,1,63,4],[65,2,65,4],[66,2,66,4],[67,2,67,4],[68,2,68,4],[69,2,69,4],[70,1,70,4],[71,1,71,5],[72,2,72,3],[73,2,73,3],[74,2,74,3],[75,2,75,3],[76,2,76,3],[77,2,77,3],[78,2,78,3],[79,1,79,4],[81,2,81,4],[82,2,82,4],[83,2,83,4],[84,2,84,4],[85,2,85,4],[86,2,86,4],[87,2,87,4],[88,1,88,4]],"flags":["formulas_cached_only"]}
[null,0]
[null,0,null,null,"DATA:","2022-09-05"]
[null,"CUSTOS REFERENTES AO SERVENTE ÁREA HOSPITALAR"]
[null,"Dados referentes à licitação"]
[null,"Nº do Processo",null,0]
[null,"Modalidade de Licitação",null,0,null,{"v":0,"d":"0.00"}]
[null,"DISCRIMINAÇÃO DOS SERVIÇOS (DADOS REFERENTES À CONTRATAÇÃO)"]
[null,"A","Data de Apresentação da Proposta (DD/MM/AAAA)",null,null,"00:00:00"]
[null,"B","Local de Execução (Sede, Anexo I ou II, PTM, PRM)",0]
[null,"C","Acordo, Conv. ou Sentença Normativa em Dissídio Coletivo (MM/AAAA)",null,null,{"v":0,"d":"0.00"}]
[null,"D","Número de Meses de Execução Contratual",null,null,30]
[null,"E","Quantidade de Serventes Área Hospitalar",null,null,0]
[null,"CUSTOS POR EMPREGADO"]
[null,1,"Tipo de Serviço (mesmo serviço com características distintas)",null,0]
[null,2,"Classificação Brasileira de Ocupações (CBO)",0]
[null,3,"Categoria Profissional (vinculada à execução contratual)",0]
[null,4,"Data-Base da Categoria (DD/MM/AAAA)",null,null,"2022-01-01"]
[null,"PLANILHA DE CUSTOS E FORMAÇÃO DE PREÇOS"]
[null,"MÓDULO 1: COMPOSIÇÃO DA REMUNERAÇÃO"]
[null,1,"Composição da Remuneração",null,null,"Valor (R$)"]
[null,"A","Salário-Base",null,null,{"v":0,"d":"0.00"}]
[null,"B","Adicional de Insalubridade",null,null,{"v":0,"d":"0.00"}]
[null,"TOTAL",{"$nulls":3},{"v":0,"d":"0.00"}]
[null,"MÓDULO 2: ENCARGOS E BENEFÍCIOS ANUAIS, MENSAIS E DIÁRIOS"]
[null,"Submódulo 2.1 - 13º (décimo terceiro) Salário e Adicional de Férias"]
[null,"2.1","13º Salário e Adicional de Férias",null,"%","Valor (R$)"]
[null,"A","13º Salário",null,{"v":8.33333333333333,"d":"8.33"},{"v":0,"d":"0.00 "}]
[null,"B","Adicional de Férias",null,{"v":2.77777777777778,"d":"2.78"},{"v":0,"d":"0.00 "}]
[null,"TOTAL",{"$nulls":3},{"v":0,"d":"0.00"}]
[null,"Submódulo 2.2 - Encargos Previdencários (GPS), Fundo de Garantia por Tempo de Serviço (FGTS) e Outras Contribuições"]
[null,"2.2","Encargos Previdenciários (GPS), Fundo de Garantia por Tempo de Serviço (FGTS) e outras contribuições",null,"%","Valor (R$)"]
[null,"A","INSS",null,{"v":20,"d":"20.00"},{"v":0,"d":"0.00 "}]
[null,"B","Salário Educação",null,{"v":2.5,"d":"2.50"},{"v":0,"d":"0.00 "}]
[null,"C","Riscos Ambientas do Trabalho",null,{"v":3,"d":"3.00"},{"v":0,"d":"0.00 "}]
[null,"D","SESC",null,{"v":1.5,"d":"1.50"},{"v":0,"d":"0.00 "}]
[null,"E","SENAC",null,{"v":1,"d":"1.00"},{"v":0,"d":"0.00 "}]
[null,"F","SEBRAE",null,{"v":0.6000000000000001,"d":"0.60"},{"v":0,"d":"0.00 "}]
[null,"G","INCRA",null,{"v":0.2,"d":"0.20"},{"v":0,"d":"0.00 "}]
[null,"H","FGTS",null,{"v":8,"d":"8.00"},{"v":0,"d":"0.00 "}]
[null,"TOTAL",{"$nulls":3},{"v":0,"d":"0.00"}]
[null,"Submódulo 2.3 - Benefícios Mensais e Diários"]
[null,"2.3","Benefícios Mensais e Diários",null,null,"Valor (R$)"]
[null,"A","Transporte",null,null,{"v":187,"d":"187.00 "}]
[null,"B","Auxílio-Refeição/Alimentação",null,null,{"v":429,"d":"429.00 "}]
[null,"TOTAL",{"$nulls":3},{"v":616,"d":"616.00"}]
[null,"MÓDULO 3: PROVISÃO PARA RESCISÃO"]
[null,3,"Provisão para Rescisão",null,"%","Valor (R$)"]
[null,"A","Aviso Prévio Indenizado",null,{"v":0.26011,"d":"0.26"},{"v":1.6022775999999999,"d":"1.60 "}]
[null,"B","Aviso Prévio Trabalhado",null,{"v":1.03286322222222,"d":"1.03"},{"v":6.36243744888888,"d":"6.36 "}]
[null,"C","Multa do FGTS sobre o Aviso Prévio Trabalhado",null,0.04,{"v":0,"d":"0.00 "}]
[null,"TOTAL",{"$nulls":3},{"v":7.9647150488888805,"d":"7.96"}]
[null,"MÓDULO 4: CUSTO DE REPOSIÇÃO DO PROFISSIONAL AUSENTE"]
[null,"Submódulo 4.1 - Substituto nas Ausências Legais"]
[null,"4.1","Substituto nas Ausências Legais",null,"%","Valor (R$)"]
[null,"A","Substituto na Cobertura de Férias ",null,{"v":8.33333333333333,"d":"8.33"},{"v":51.9970595874074,"d":"52.00 "}]
[null,"B","Substituto na Cobertura de Ausências Legais",null,{"v":2.22222222222222,"d":"2.22"},{"v":13.865882556642,"d":"13.87 "}]
[null,"C","Substituto na Cobertura de Licença-Paternidade",null,{"v":0.0356735555555555,"d":"0.04"},{"v":0.22259039927002902,"d":"0.22 "}]
[null,"D","Substituto na Cobertura de Ausência por Acidente de Trabalho",null,{"v":0.0185302229372558,"d":"0.02"},{"v":0.115622052748372,"d":"0.12 "}]
[null,"E","Substituto na Cobertura de Afastamento Maternidade",null,{"v":0.14312918400000002,"d":"0.14"},{"v":0.8930756050974,"d":"0.89 "}]
[null,"TOTAL",{"$nulls":3},{"v":67.0942302011652,"d":"67.09"}]
[null,"Submódulo 4.2 - Substituto na Intrajornada"]
[null,"4.2","Substituto na Intrajornada",null,null,"Valor (R$)"]
[null,"A","Substituto na Cobertura de Intervalo para Repouso e Alimentação",null,null,{"v":0,"d":"0.00"}]
[null,"TOTAL",{"$nulls":3},{"v":0,"d":"0.00"}]
[null,"MÓDULO 5: INSUMOS DIVERSOS"]
[null,5,"Insumos Diversos",null,null,"Valor (R$)"]
[null,"A","Uniformes",null,null,{"v":109.708333333333,"d":"109.71 "}]
[null,"B","Materiais",null,null,{"v":467.16285,"d":"467.16 "}]
[null,"C","Equipamentos",null,null,{"v":63.6173958333333,"d":"63.62 "}]
[null,"D",{"v":0,"d":"0.00"},null,null,{"v":42.4761666666667,"d":"42.48 "}]
[null,"TOTAL",{"$nulls":3},{"v":682.964745833333,"d":"682.96"}]
[null,"MÓDULO 6: CUSTOS INDIRETOS, TRIBUTOS E LUCRO"]
[null,6,"Custos Indiretos, Tributos e Lucro",null,"%","Valor (R$)"]
[null,"A","Custos Indiretos",null,{"v":4.73,"d":"4.73 "},{"v":64.9913205882442,"d":"64.99 "}]
[null,"B","Lucro",null,{"v":5.57,"d":"5.57 "},{"v":80.1531361501099,"d":"80.15 "}]
[null,"C","Tributos",null,{"v":8.65,"d":"8.65 "},{"v":143.851171085474,"d":"143.85 "}]
[null,"C.1","PIS",null,{"v":0.65,"d":"0.65 "},{"v":10.8096255728969,"d":"10.81 "}]
[null,"C.2","Cofins",null,{"v":3,"d":"3.00 "},{"v":49.8905795672165,"d":"49.89 "}]
[null,"C.3","ISS",null,{"v":5,"d":"5.00 "},{"v":83.1509659453608,"d":"83.15 "}]
[null,"TOTAL",{"$nulls":3},{"v":288.995627823828,"d":"289.00 "}]
[null,"QUADRO RESUMO - CUSTO POR EMPREGADO"]
[null,"MÓD.","Mão-de-obra vinculada à execução contratual (valor por empregado)",null,null,"Valor    (R$)"]
[null,1,"Composição da Remuneração",null,null,{"v":0,"d":"0.00 "}]
[null,2,"Encargos e Benefícios Anuais, Mensais e Diários",null,null,{"v":616,"d":"616.00 "}]
[null,3,"Provisão para Rescisão",null,null,{"v":7.9647150488888805,"d":"7.96 "}]
[null,4,"Custo de Reposição do Profissional Ausente",null,null,{"v":67.0942302011652,"d":"67.09 "}]
[null,5,"Insumos Diversos",null,null,{"v":682.964745833333,"d":"682.96 "}]
[null,6,"Custos Indiretos, Tributos e Lucro",null,null,{"v":288.995627823828,"d":"289.00 "}]
[null,"VALOR TOTAL DO SERVENTE ÁREA HOSPITALAR",{"$nulls":3},{"v":1663.01931890722,"d":"1,663.02 "}]

{"sheet":"CUSTOS POR M²","index":10,"n_rows":58,"n_cols":8,"rows_kept":58,"merged":[[0,1,0,7],[1,1,1,5],[3,1,3,7],[4,1,4,7],[6,1,6,7],[7,1,8,7],[9,1,10,1],[9,2,10,2],[9,3,10,3],[9,4,10,4],[15,1,16,7],[17,1,18,1],[17,2,18,2],[17,3,18,3],[17,4,18,4],[23,1,24,7],[25,1,27,1],[25,2,27,2],[25,3,27,3],[25,4,27,4],[25,5,27,5],[25,6,27,6],[25,7,27,7],[30,1,30,6],[32,1,32,7],[33,1,35,1],[33,2,35,2],[33,3,35,3],[33,4,35,4],[33,5,35,5],[33,6,35,6],[33,7,35,7],[38,1,38,6],[40,1,40,6],[41,1,42,1],[41,2,42,2],[41,3,42,3],[41,4,42,4],[47,1,47,4],[49,1,51,1],[49,2,50,2],[49,3,50,5],[49,6,50,6],[57,1,57,5]],"flags":["formulas_cached_only"]}
[null,0]
[null,0,{"$nulls":4},"DATA:","2022-09-05"]
[]
[null,"ANEXO VI-B da IN SEGES/MPDG nº 5/2017"]
[null,"(Produtividades mínimas previstas no item 3, considerando os parâmetros do Anexo VI-B da Instrução Normativa)"]
[]
[null,"I - PREÇO MENSAL UNITÁRIO POR M²"]
[null,"ÁREA INTERNA (Fórmulas exemplificativas de cálculo para área interna - alínea \"a\" do item 3.1 do Anexo VI-B; para as demais alíneas, deverão ser incluídos novos campos na planilha com a metragem adequada)"]
[]
[null,"MÃO DE OBRA","PRODUTIVIDADE\n(1/m²) (I)","PREÇO HOMEM-MÊS   ( II )","SUBTOTAL (R$/m²)\n( I ) x ( II )"]
[]
[null,"ENCARREGADO",{"v":4.16666666666667e-05,"d":"0.000041667"},{"v":0,"d":"0.00"},{"v":0,"d":"0.00"}]
[null,"SERVENTE",{"v":0.00125,"d":"0.001250000"},{"v":4120.20555127182,"d":"4,120.21"},{"v":5.15025693908978,"d":"5.15"}]
[null,"CUSTO POR M² TOTAL - ÁREA INTERNA",null,null,{"v":5.15025693908978,"d":"5.15"}]
[]
[null,"ÁREA EXTERNA (Fórmulas exemplificativas de cálculo para área externa - alínea \"a\" do item 3.2 do Anexo VI-B; para as demais alíneas, deverão ser incluídos novos campos na planilha com a metragem adequada)."]
[]
[null,"MÃO DE OBRA","PRODUTIVIDADE\n(1/m²) (I)","PREÇO HOMEM-MÊS   ( II )","SUBTOTAL (R$/m²)\n( I ) x ( II )"]
[]
[null,"ENCARREGADO",{"v":1.8518518518518498e-05,"d":"0.000018519"},{"v":0,"d":"0.00"},{"v":0,"d":"0.00"}]
[null,"SERVENTE",{"v":0.000555555555555556,"d":"0.000555556"},{"v":4120.20555127182,"d":"4,120.21"},{"v":2.2890030840399,"d":"2.29"}]
[null,"CUSTO POR M² TOTAL - ÁREA EXTERNA",null,null,{"v":2.2890030840399,"d":"2.29"}]
[]
[null,"ESQUADRIA EXTERNA (Fórmulas exemplificativas de cálculo para área externa - alínea \"a\" do item 3.3 do Anexo VI-B; para as demais alíneas, deverão ser incluídos novos campos na planilha com a metragem adequada)."]
[]
[null,"MÃO DE OBRA","PRODUTIVIDADE\n(1/m²) (I)","FREQUENCIA NO MÊS ( II )\n (EM HORAS) (2)","JORNADA NO MÊS   ( III )\n(EM HORAS)","COEFICIENTE (Ki)\n( I )x( II )x( III )=  ( IV )","PREÇO HOMEM-MÊS   ( V )","SUBTOTAL (R$/m²)\n( IV )x( V )"]
[]
[]
[null,"ENCARREGADO",{"v":0.00011111111111111101,"d":"0.000111111"},8,{"v":0.0053030303030303,"d":"0.005303"},{"v":4.713804713804709e-06,"d":"0.000005"},{"v":0,"d":"0.00"},{"v":0,"d":"0.00"}]
[null,"SERVENTE",{"v":0.00333333333333333,"d":"0.003333333"},8,{"v":0.0053030303030303,"d":"0.005303"},{"v":0.000141414141414141,"d":"0.000141"},{"v":4120.20555127182,"d":"4,120.21"},{"v":0.5826553304828841,"d":"0.58"}]
[null,"CUSTO POR M² TOTAL - ESQUADRIA EXTERNA",{"$nulls":5},{"v":0.5826553304828841,"d":"0.58"}]
[]
[null,"FACHADA ENVIDRAÇADA (Fórmulas exemplificativas de cálculo para área externa - item 3.4 do Anexo VI-B)."]
[null,"MÃO DE OBRA","PRODUTIVIDADE\n(1/m²) (I)","FREQUENCIA NO MÊS ( II )\n (EM HORAS) (2)","JORNADA NO MÊS   ( III )\n(em horas)","COEFICIENTE (Ki)\n( I )x( II )x( III )=  ( IV )","PREÇO HOMEM-MÊS   ( V )","SUBTOTAL (R$/m²)\n( IV )x( V )"]
[]
[]
[null,"ENCARREGADO",{"v":0.00025641025641025603,"d":"0.000256410"},6,{"v":0.0008838383838383841,"d":"0.000884"},{"v":1.3597513597513599e-06,"d":"0.000001"},{"v":0,"d":"0.00"},{"v":0,"d":"0.00"}]
[null,"SERVENTE",{"v":0.00769230769230769,"d":"0.007692308"},6,{"v":0.0008838383838383841,"d":"0.000884"},{"v":4.07925407925408e-05,"d":"0.000041"},{"v":4120.20555127182,"d":"4,120.21"},{"v":0.168073653023909,"d":"0.17"}]
[null,"CUSTO POR M² TOTAL - FACHADA ENVIDRAÇADA",{"$nulls":5},{"v":0.168073653023909,"d":"0.17"}]
[]
[null,"ÁREA MÉDICO HOSPITALAR E ASSEMELHADOS (Fórmulas exemplificativas de cálculo para área externa - item 3.5 do Anexo VI-B)."]
[null,"MÃO DE OBRA","PRODUTIVIDADE\n(1/m²) (I)","PREÇO HOMEM-MÊS   ( II )","SUBTOTAL (R$/m²)\n( I ) x ( II )"]
[]
[null,"ENCARREGADO",{"v":0,"d":"0.000000000"},{"v":0,"d":"0.00"},{"v":0,"d":"0.00"}]
[null,"SERVENTE",{"v":0,"d":"0.000000000"},{"v":1663.01931890722,"d":"1,663.02"},{"v":0,"d":"0.00"}]
[null,"CUSTO POR M² TOTAL - ÁREA MÉDICO HOSPITALAR",null,null,{"v":0,"d":"0.00"}]
[]
[null,"LIMITE MÁXIMO PARA A CONTRATAÇÃO"]
[]
[null,"TIPO DE ÁREA","ÁREA (m²)","CUSTO MENSAL ESTIMADO\n (R$/m²)",null,null,"LIMITE POR TIPO DE ÁREA (R$)"]
[]
[null,null,"(C)","ENCARREGADO","SERVENTE","TOTAL\n(D)","E = (C X D)"]
[null,"área interna",{"v":1447,"d":"1,447.00"},{"v":0,"d":"0.00"},{"v":5.15025693908978,"d":"5.15"},{"v":5.15025693908978,"d":"5.15"},{"v":7452.42179086291,"d":"7,452.42"}]
[null,"área externa",{"v":3780,"d":"3,780.00"},{"v":0,"d":"0.00"},{"v":2.2890030840399,"d":"2.29"},{"v":2.2890030840399,"d":"2.29"},{"v":8652.43165767083,"d":"8,652.43"}]
[null,"esquadria externa",{"v":247,"d":"247.00"},{"v":0,"d":"0.00"},{"v":0.5826553304828841,"d":"0.58"},{"v":0.5826553304828841,"d":"0.58"},{"v":143.915866629272,"d":"143.92"}]
[null,"fachaçada envidraçada",{"v":19,"d":"19.00"},{"v":0,"d":"0.00"},{"v":0.168073653023909,"d":"0.17"},{"v":0.168073653023909,"d":"0.17"},{"v":3.19339940745427,"d":"3.19"}]
[null,"área médico hospitalar",{"v":0,"d":"0.00"},{"v":0,"d":"0.00"},{"v":0,"d":"0.00"},{"v":0,"d":"0.00"},{"v":0,"d":"0.00"}]
[null,"LIMITE MÁXIMO PARA A CONTRATAÇÃO",{"$nulls":4},{"v":16251.9627145705,"d":"16,251.96"}]

{"sheet":"QUADRO-RESUMO","index":11,"n_rows":34,"n_cols":8,"rows_kept":34,"merged":[[0,1,0,5],[1,1,1,3],[3,1,3,6],[8,1,8,3],[11,1,11,2],[12,1,12,2],[13,1,13,2],[14,1,14,2],[16,1,17,7],[18,1,20,2],[18,3,20,3],[18,4,19,5],[18,6,19,7],[20,4,20,5],[20,6,20,7],[21,1,21,2],[22,1,22,2],[23,1,23,2],[24,1,24,2],[25,1,25,7],[26,1,27,7],[28,2,28,3],[28,6,28,7],[29,2,29,3],[29,6,33,7],[30,2,30,3],[31,1,31,3],[32,1,32,3],[33,1,33,3]],"flags":["formulas_cached_only"]}
[null,0]
[null,0,null,null,"DATA:","2022-09-05"]
[]
[null,"QUADRO RESUMO - VALOR MENSAL DOS SERVIÇOS"]
[null,"ITEM","Tipo de Serviço","Local da Execução dos Serviços","Qtde de empregados\n(A)","Valor por empregado (R$)\n(B)","Valor total do serviço\n(R$)\nC = (AxB)"]
[null,"I",0,0,0,{"v":0,"d":"0.00"},{"v":0,"d":"0.00"}]
[null,"II",0,0,4,{"v":4120.20555127182,"d":"4,120.21"},{"v":16480.8222050873,"d":"16,480.82"}]
[null,"III",0,0,0,{"v":0,"d":"0.00"},{"v":0,"d":"0.00"}]
[null,"VALOR MENSAL DOS SERVIÇOS (I + II + III)",null,null,4,null,{"v":16480.8222050873,"d":"16,480.82"}]
[]
[null,"QUADRO RESUMO - ENCARGOS SOCIAIS E TRABALHISTAS EFETIVOS"]
[null,"Conta",null,0,0,0]
[null,"Total de Encargos Sociais e Trabalhistas (A)*",null,{"v":0,"d":"R$ 0.00"},{"v":939.891071391228,"d":"R$ 939.89"},{"v":0,"d":"R$ 0.00"}]
[null,"Remuneração (B)",null,{"v":0,"d":"R$ 0.00"},{"v":1240,"d":"R$ 1,240.00"},{"v":0,"d":"R$ 0.00"}]
[null,"Encargos Sociais e Trabalhistas Efetivos (C = A / B)",null,{"v":0,"d":"0.00%"},{"v":0.7579766704767971,"d":"75.80%"},{"v":0,"d":"0.00%"}]
[null,"* Submódulo 2.1 + Submódulo 2.2 + Módulo 3 + Submódulo 4.1"]
[null,"LIMITES PARA CONTRATAÇÃO, CONFORME PORTARIAS SEGES/ME (em R$/m²)"]
[]
[null,"TIPO DE ÁREA",null,"CUSTO MENSAL ESTIMADO","LIMITE MÍNIMO",null,"LIMITE MÁXIMO"]
[]
[{"$nulls":4},0,null,0]
[null,"área interna",null,{"v":5.15025693908978,"d":"5.15"},{"v":0,"d":"0.00"},{"v":0,"d":"0.00%"},{"v":0,"d":"0.00"},{"v":0,"d":"0.00%"}]
[null,"área externa",null,{"v":2.2890030840399,"d":"2.29"},{"v":0,"d":"0.00"},{"v":0,"d":"0.00%"},{"v":0,"d":"0.00"},{"v":0,"d":"0.00%"}]
[null,"esquadria externa",null,{"v":0.5826553304828841,"d":"0.58"},{"v":0,"d":"0.00"},{"v":0,"d":"0.00%"},{"v":0,"d":"0.00"},{"v":0,"d":"0.00%"}]
[null,"fachaçada envidraçada",null,{"v":0.168073653023909,"d":"0.17"},{"v":0,"d":"0.00"},{"v":0,"d":"0.00%"},{"v":0,"d":"0.00"},{"v":0,"d":"0.00%"}]
[null,"NOTA: Com a edição da Instrução Normativa n° 49, de 30 de junho de 2020 – SEGES, foram revogados os itens que direcionavam a divulgação dos valores referenciais, por isso os valores em zero no limite mínimo e máximo."]
[null,"LIMITES PARA CONTRATAÇÃO, CONFORME ÁREA A SER LIMPA (em R$)"]
[]
[null,"ITEM","Tipo de Serviço",null,"Valor total do serviço","Valor máximo a ser contratado (com base na área a ser limpa)","O valor está em conformidade com o limite máximo a ser contratado com base na área?"]
[null,"I",0,null,{"v":0,"d":"0.00"},{"v":0,"d":"0.00"},{"v":0,"d":"0.00%"}]
[null,"II",0,null,{"v":16480.8222050873,"d":"R$ 16,480.82"},{"v":16251.9627145705,"d":"16,251.96"}]
[null,"VALOR TOTAL MENSAL",null,null,{"v":16480.8222050873,"d":"R$ 16,480.82"},{"v":16251.9627145705,"d":"16,251.96"}]
[null,"VALOR TOTAL PARA 30 MESES ",null,null,{"v":494424.666152619,"d":"R$ 494,424.67"},{"v":487558.881437114,"d":"487,558.88"}]
[null,"FATOR K",null,null,{"v":3.3227464123159898,"d":"3.32"}]

{"sheet":"LIMITES-SEGES-PORT-7-2015","index":12,"n_rows":34,"n_cols":10,"rows_kept":34,"hidden":true,"merged":[[1,0,3,0],[1,1,3,1],[1,2,1,3],[1,4,1,5],[1,6,1,7],[1,8,1,9],[31,0,31,1],[32,0,32,1],[33,0,33,1]],"flags":["formulas_cached_only"]}
["Conforme produtividades previstas na Portaria nº 7, de 13 de abril de 2015.",{"$nulls":8},"Atualizado em 06/11/2019"]
["UF","A PARTIR DE","ÁREA\nINTERNA",null,"ÁREA\nEXTERNA\n(1200 M²)",null,"ESQUADRIA EXTERNA\n(220 M²)",null,"FACHADA ENVIDRAÇADA\n(110 M²)"]
[null,null,600,"M²",1200,"M²",220,"M²",110,"M²"]
[null,null,"LIMITE MÍNIMO","LIMITE MÁXIMO","LIMITE MÍNIMO","LIMITE MÁXIMO","LIMITE MÍNIMO","LIMITE MÁXIMO","LIMITE MÍNIMO","LIMITE MÁXIMO"]
["AC","2017-09-01",4.76,5.73,2.38,2.86,{"v":1.1,"d":"1.10"},1.32,0.24,0.29]
["AL","2019-12-06",5.18,6.23,2.59,3.12,{"v":1.2,"d":"1.20"},1.44,0.25,{"v":0.30000000000000004,"d":"0.30"}]
["AM","2019-06-27",3.87,4.66,2.58,3.11,1.72,2.07,1.15,1.38]
["AP","2018-09-06",4.98,5.99,2.49,{"v":3,"d":"3.00"},1.15,1.39,0.24,0.29]
["BA","2017-06-13",4.65,5.63,2.32,2.81,1.07,{"v":1.3,"d":"1.30"},0.22,0.27]
["CE","2019-08-13",5.71,6.87,2.85,3.44,1.32,1.59,0.27,0.32]
["DF","2019-05-08",{"v":5.6,"d":"5.60"},6.73,3.73,4.48,2.49,2.99,1.66,1.99]
["ES","2018-05-14",6.06,{"v":7.3,"d":"7.30"},3.03,3.65,{"v":1.4,"d":"1.40"},1.69,0.28,0.34]
["GO","2019-08-13",5.26,6.33,2.63,3.17,1.22,1.46,0.41,0.49]
["MA","2018-09-06",5.25,6.32,2.63,3.16,1.21,1.46,0.25,{"v":0.30000000000000004,"d":"0.30"}]
["MG","2019-06-27",5.85,7.04,2.92,3.52,1.35,1.63,{"v":0.30000000000000004,"d":"0.30"},0.36]
["MS","2019-06-27",4.92,5.92,2.46,2.96,{"v":1.1400000000000001,"d":"1.14"},1.37,0.24,0.29]
["MT","2019-12-06",5.82,7.01,2.91,{"v":3.5,"d":"3.50"},1.34,1.62,0.31,0.37]
["PA","2019-08-13",5.59,6.72,2.79,3.36,1.29,1.55,0.27,0.33]
["PB","2019-10-23",4.98,{"v":6,"d":"6.00"},2.49,{"v":3,"d":"3.00"},1.15,1.39,0.24,0.29]
["PE","2018-07-06",4.93,5.94,2.47,2.97,{"v":1.1400000000000001,"d":"1.14"},1.37,0.24,0.28]
["PI","2019-12-06",5.23,6.29,2.61,3.15,1.21,1.46,0.28,0.34]
["PR","2018-05-14",5.81,{"v":7,"d":"7.00"},2.91,{"v":3.5,"d":"3.50"},1.34,1.62,0.28,0.33]
["RJ","2018-08-24",5.95,7.16,2.97,3.58,1.37,1.66,0.34,0.28]
["RN","2018-09-06",4.63,5.57,2.31,2.79,1.07,1.29,0.22,0.26]
["RO","2018-08-24",5.59,6.73,2.79,3.36,1.29,1.55,{"v":0.30000000000000004,"d":"0.30"},0.36]
["RR","2017-09-11",5.45,{"v":6.6,"d":"6.60"},2.72,{"v":3.3,"d":"3.30"},1.26,1.53,0.31,0.38]
["RS","2019-06-27",6.28,7.56,3.14,3.78,1.45,1.75,{"v":0.30000000000000004,"d":"0.30"},0.36]
["SC","2019-08-13",6.61,7.96,{"v":3.3,"d":"3.30"},3.98,1.53,1.84,0.32,0.39]
["SE","2019-10-23",4.92,5.93,2.46,2.96,{"v":1.1400000000000001,"d":"1.14"},1.37,0.23,0.28]
["SP","2019-10-23",5.98,{"v":7.2,"d":"7.20"},2.99,{"v":3.6,"d":"3.60"},1.38,1.67,0.36,0.43]
["TO","2019-10-23",5.75,6.92,2.88,3.46,1.33,{"v":1.6,"d":"1.60"},0.43,0.52]
["MÉDIA",null,{"v":5.39296296296296,"d":"5.39"},{"v":6.49407407407407,"d":"6.49"},{"v":2.7537037037037,"d":"2.75"},{"v":3.3174074074074102,"d":"3.32"},{"v":1.32074074074074,"d":"1.32"},{"v":1.59185185185185,"d":"1.59"},{"v":0.368148148148148,"d":"0.37"},{"v":0.43777777777777804,"d":"0.44"}]
["MENOR VALOR",null,6.61,7.96,3.73,4.48,2.49,2.99,{"v":1.6600000000000001,"d":"1.66"},1.99]
["MAIOR VALOR",null,3.87,4.66,2.31,2.79,1.07,1.29,0.22,0.26]

{"sheet":"LIMITES-SEGES-PORT-213-2017","index":13,"n_rows":35,"n_cols":18,"rows_kept":35,"hidden":true,"merged":[[1,0,4,0],[1,1,4,1],[1,2,2,5],[1,6,2,9],[1,10,2,13],[1,14,2,17],[32,0,32,1],[33,0,33,1],[34,0,34,1]],"flags":["formulas_cached_only"]}
["Conforme produtividades previstas na Portaria nº 213, de 25 de setembro de 2017.",{"$nulls":16},"Atualizado em 06/11/2019"]
["UF","A PARTIR DE","ÁREA INTERNA",{"$nulls":3},"ÁREA EXTERNA",{"$nulls":3},"ESQUADRIA EXTERNA",{"$nulls":3},"FACHADA ENVIDRAÇADA"]
[]
[null,null,800," M²",1200," M²",1800," M²",2700," M²",300," M²",380," M²",130," M²",160," M²"]
[null,null," MÍN."," MÁX."," MÍN."," MÁX."," MÍN."," MÁX."," MÍN."," MÁX."," MÍN."," MÁX."," MÍN."," MÁX."," MÍN."," MÁX."," MÍN."," MÁX."]
["AC","2018-09-06",3.57,{"v":4.3,"d":"4.30"},2.38,2.86,1.59,1.98,1.06,1.27,0.81,0.97,0.64,0.77,{"v":0.2,"d":"0.20"},0.24,0.17,{"v":0.2,"d":"0.20"}]
["AL","2019-12-06",3.88,4.67,2.59,3.12,1.73,2.08,1.15,1.38,0.88,1.06,0.69,0.83,0.21,0.25,0.17,0.21]
["AM","2019-06-27",3.87,4.66,2.58,3.11,1.72,2.07,1.15,1.38,0.88,1.05,0.69,0.83,0.26,0.31,0.21,0.26]
["AP","2018-09-06",3.73,{"v":4.5,"d":"4.50"},2.49,{"v":3,"d":"3.00"},1.66,{"v":2,"d":"2.00"},1.11,1.33,0.84,1.02,0.67,{"v":0.8,"d":"0.80"},{"v":0.2,"d":"0.20"},0.24,0.17,{"v":0.2,"d":"0.20"}]
["BA","2017-10-05",3.49,4.22,2.32,2.81,1.55,1.88,1.03,1.25,0.79,0.95,0.62,0.75,0.19,0.23,0.15,0.18]
["CE","2019-08-13",4.28,5.15,2.85,3.44,{"v":1.9,"d":"1.90"},2.29,1.27,1.53,0.97,1.16,0.76,0.92,0.23,0.27,0.18,0.22]
["DF","2019-05-08",{"v":5.6,"d":"5.60"},6.73,3.73,4.48,2.49,2.99,1.66,1.99,1.26,1.52,{"v":1,"d":"1.00"},{"v":1.2,"d":"1.20"},{"v":0.4,"d":"0.40"},0.48,0.33,0.39]
["ES","2018-05-14",4.55,5.48,3.03,3.65,2.02,2.43,1.35,1.62,1.03,1.24,0.81,0.98,0.24,0.29,0.19,0.23]
["GO","2019-08-13",3.94,4.75,2.63,3.17,1.75,2.11,1.17,1.41,0.89,1.07,{"v":0.7,"d":"0.70"},0.85,0.34,0.41,0.28,0.33]
["MA","2018-09-06",3.94,4.74,2.63,3.16,1.75,2.11,1.17,{"v":1.4,"d":"1.40"},0.89,1.07,{"v":0.7,"d":"0.70"},0.85,0.21,0.25,0.17,0.21]
["MG","2019-06-27",4.38,5.28,2.92,3.52,{"v":1.9500000000000002,"d":"1.95"},2.35,{"v":1.3,"d":"1.30"},1.56,0.99,1.19,0.78,0.94,0.25,{"v":0.30000000000000004,"d":"0.30"},0.21,0.25]
["MS","2019-09-27",3.69,4.44,2.46,2.96,1.64,1.97,1.09,1.32,0.83,{"v":1,"d":"1.00"},0.66,0.79,0.21,0.25,0.17,{"v":0.2,"d":"0.20"}]
["MT","2019-12-06",4.36,5.25,2.91,{"v":3.5,"d":"3.50"},1.94,2.34,1.29,1.56,0.99,1.19,0.78,0.94,0.26,0.31,0.21,0.25]
["PA","2019-08-13",4.19,5.04,2.79,3.36,1.86,2.24,1.24,1.49,0.95,{"v":1.1400000000000001,"d":"1.14"},0.75,{"v":0.9,"d":"0.90"},0.23,0.28,0.19,0.22]
["PB","2019-10-23",3.74,{"v":4.5,"d":"4.50"},2.49,{"v":3,"d":"3.00"},1.66,{"v":2,"d":"2.00"},1.11,1.33,0.84,1.02,0.67,{"v":0.8,"d":"0.80"},{"v":0.2,"d":"0.20"},0.24,0.17,{"v":0.2,"d":"0.20"}]
["PE","2018-07-06",{"v":3.7,"d":"3.70"},4.45,2.47,2.97,1.64,1.98,{"v":1.1,"d":"1.10"},1.32,0.84,1.01,0.66,0.79,{"v":0.2,"d":"0.20"},0.24,0.16,{"v":0.2,"d":"0.20"}]
["PI","2019-12-06",3.92,4.72,2.61,3.15,1.74,{"v":2.1,"d":"2.10"},1.16,{"v":1.4,"d":"1.40"},0.89,1.07,{"v":0.7,"d":"0.70"},0.84,0.24,0.28,0.19,0.23]
["PR","2018-05-14",4.36,5.25,2.91,{"v":3.5,"d":"3.50"},1.94,2.33,1.29,1.56,0.99,1.19,0.78,0.94,0.24,0.28,0.19,0.23]
["RJ","2018-08-24",4.46,5.37,2.97,3.58,1.98,2.39,1.32,1.59,1.01,1.21,{"v":0.8,"d":"0.80"},0.96,0.29,0.34,0.23,0.28]
["RN","2018-09-06",3.47,4.18,2.31,2.79,1.54,1.86,1.03,1.24,0.78,0.94,0.62,0.75,0.18,0.22,0.15,0.18]
["RO","2018-08-24",4.19,5.04,2.79,3.36,1.86,2.24,1.24,1.49,0.95,{"v":1.1400000000000001,"d":"1.14"},0.75,{"v":0.9,"d":"0.90"},0.25,{"v":0.30000000000000004,"d":"0.30"},0.21,0.25]
["RR","2017-10-09",4.09,4.95,2.72,{"v":3.3,"d":"3.30"},1.82,{"v":2.2,"d":"2.20"},1.21,1.47,0.92,1.12,0.73,0.88,0.27,0.32,0.22,0.26]
["RS","2019-06-27",4.71,5.67,3.14,3.78,2.09,2.52,1.39,{"v":1.6800000000000002,"d":"1.68"},1.06,1.28,0.84,1.01,0.26,0.31,0.21,0.25]
["SC","2019-08-13",4.95,5.97,{"v":3.3,"d":"3.30"},3.98,{"v":2.2,"d":"2.20"},2.65,1.47,1.77,1.12,1.35,0.88,1.07,0.27,0.33,0.22,0.27]
["SE","2019-10-23",3.69,4.45,2.46,2.96,1.64,1.98,1.09,1.32,0.83,1.01,0.66,0.79,{"v":0.2,"d":"0.20"},0.23,0.16,0.19]
["SP","2019-10-23",4.49,{"v":5.4,"d":"5.40"},2.99,{"v":3.6,"d":"3.60"},1.99,{"v":2.4,"d":"2.40"},1.33,{"v":1.6,"d":"1.60"},1.01,1.22,{"v":0.8,"d":"0.80"},0.96,{"v":0.30000000000000004,"d":"0.30"},0.36,0.25,0.29]
["TO","2019-10-23",4.31,5.19,2.88,3.46,1.92,2.31,1.28,1.54,0.97,1.17,0.77,0.93,0.37,0.44,{"v":0.30000000000000004,"d":"0.30"},0.36]
["MÉDIA",null,{"v":4.13148148148148,"d":"4.13"},{"v":4.97592592592593,"d":"4.98"},{"v":2.7537037037037,"d":"2.75"},{"v":3.3174074074074102,"d":"3.32"},{"v":1.83592592592593,"d":"1.84"},{"v":2.21481481481481,"d":"2.21"},{"v":1.22444444444444,"d":"1.22"},{"v":1.4740740740740699,"d":"1.47"},{"v":0.933703703703704,"d":"0.93"},{"v":1.12444444444444,"d":"1.12"},{"v":0.7374074074074071,"d":"0.74"},{"v":0.8877777777777781,"d":"0.89"},{"v":0.248148148148148,"d":"0.25"},{"v":0.296296296296296,"d":"0.30"},{"v":0.20222222222222203,"d":"0.20"},{"v":0.242222222222222,"d":"0.24"}]
["MENOR VALOR",null,{"v":5.6,"d":"5.60"},6.73,3.73,4.48,2.49,2.99,{"v":1.6600000000000001,"d":"1.66"},1.99,1.26,1.52,{"v":1,"d":"1.00"},{"v":1.2,"d":"1.20"},{"v":0.4,"d":"0.40"},0.48,0.33,0.39]
["MAIOR VALOR",null,3.47,4.18,2.31,2.79,1.54,{"v":1.8599999999999999,"d":"1.86"},1.03,1.24,0.78,{"v":0.9400000000000001,"d":"0.94"},0.62,0.75,0.18,0.22,0.15,0.18]

{"sheet":"QTDE-ESTIMADA-SERVENTES","index":14,"n_rows":10,"n_cols":4,"rows_kept":10,"hidden":true,"merged":[[0,0,0,3],[1,0,3,0],[1,1,2,1],[1,2,2,2],[1,3,2,3],[9,0,9,2]],"flags":["formulas_cached_only"]}
["QTDE ESTIMADA DE SERVENTES"]
["TIPO DE ÁREA","ÁREA (m²)","PRODUTIVIDADE (1/m²)","QTDE ESTIMADA"]
[]
[null,"(C)","(D)","E = (C / D)"]
["área interna",{"v":1447,"d":"1,447.00"},{"v":800,"d":"800.00"},{"v":1.80875,"d":"1.8"}]
["área externa",{"v":3780,"d":"3,780.00"},{"v":1800,"d":"1800.00"},2.1]
["esquadria externa",{"v":247,"d":"247.00"},{"v":300,"d":"300.00"},{"v":0.0360936026936027,"d":"0.0"}]
["fachaçada envidraçada",{"v":19,"d":"19.00"},{"v":130,"d":"130.00"},{"v":0.0027127039627039603,"d":"0.0"}]
["área médico hospitalar",{"v":0,"d":"0.00"},{"v":0,"d":"0.00"},{"v":0,"d":"0.0"}]
["QTDE ESTIMADA DE SERVENTES",null,null,3]